Welcome to the Holygrace Academy Library

Please use search bar below to get started

SUDHEESHINTE CHERUKADHAKAL (Record no. 1352)

MARC details
000 -LEADER
fixed length control field 00299nam a22001337a 4500
082 ## - DEWEY DECIMAL CLASSIFICATION NUMBER
Classification number 894.812.3
Item number SUD/S
100 ## - MAIN ENTRY--AUTHOR NAME
Personal name SUDHEESH, VR
245 ## - TITLE STATEMENT
Title SUDHEESHINTE CHERUKADHAKAL
250 ## - EDITION STATEMENT
Edition statement FIRST
260 ## - PUBLICATION, DISTRIBUTION, ETC. (IMPRINT)
Place of publication KOLLAM
Name of publisher IMPRINT BOOKS
Year of publication 1996
300 ## - PHYSICAL DESCRIPTION
Number of Pages 53
650 ## - SUBJECT ADDED ENTRY--TOPICAL TERM
Topical Term SHORT STORY
Geographic subdivision KERALA
942 ## - ADDED ENTRY ELEMENTS (KOHA)
Koha item type Books
Holdings
Withdrawn status Lost status Collection code Home library Current library Shelving location Date acquired Source of acquisition Cost, normal purchase price Full call number Accession Number Koha item type
    Fiction Main Library Main Library SHELF-6C MALAYALAM SHORT STORIES 12/01/2005 PURCHASE 23.00 894.812.3 SUD/S 01951 Books